000 00218nam a2200097Ia 4500
005 20251222175820.0
008 251222s9999||||xx |||||||||||||| ||spa||
082 _aDVD0070/K96/1952
245 0 _aVivir:Ikiru
942 _cDVD
999 _c40457
_d40457